00946nam a2200193 a 450000100100000000500170001000800410002702000150006810000360008324502490011924600790036826000720044730000350051970000330055470000300058795201050061799900170072204000130073900003409120200930070751.0110923s2005 es 000 0 spa d a84000840551 aHeckadon-Moreno, Stanley93035610aEstudios sobre la biodiversidad de la región de Bahía Honda (Veraguas, Panamá) :b= studies on the biodiversity of the Bahía Honda region (Veraguas, Panama) /cStanley Heckadon-Moreno ; editores Santiago Castroviejo y Alicia Ibañéz.10aStudies on the biodiversity of the Bahía Honda region (Veraguas, Panama) aMadrid :bConsejo Superior de Investigaciones Científicas,c2005. a834 p. :bil., retrs. ;c2005.1 aCastroviejo, Santiago9595131 aIbañéz, Alicia959514 001050718MOaGRbGRcCTd2011-09-23iLF1l0o p34091-10r2020-06-25w2020-06-25y1ZNo se presta c33582d33582 aDO-SdBNP